| LEADER | 00869nam a2200205 a 4500 | ||
|---|---|---|---|
| 001 | GR-MES4138 | ||
| 008 | 991111s1988 gr 000 0 gre d | ||
| 040 | |a GrPaTEI |b gre |c GR-PaULI | ||
| 245 | 0 | 2 | |a Η διεθνής των ναρκωτικών : |b διακίνηση-μαυρο χρήμα-ο ρόλος της αστυνομίας. |
| 260 | |a Αθήνα : |b Δωδώνη, |c 1988 | ||
| 300 | |a 414σελ. | ||
| 500 | |a βιβλιογραφία:σελ(412-414) | ||
| 650 | 4 | |a ΑΣΤΥΝΟΜΙΑ | |
| 650 | 4 | |a ΝΑΡΚΩΤΙΚΑ | |
| 700 | 1 | |a Τσαρούχας, Κ. | |
| 710 | 0 | |a Δωδώνη | |
| 942 | |2 ddc | ||
| 952 | |0 0 |1 0 |2 ddc |4 0 |6 362_290000000000000_ΤΣΑ |7 0 |9 268798 |a MSLG |b MSLG |c BSC |d 2021-01-17 |e 24 |f 1 |g 0.00 |l 0 |o 362.29 ΤΣΑ |p 2420000013215 |r 2021-01-17 00:00:00 |t 1 |w 2021-01-17 |y BK15 |x 19991111 0 1 |x GrPaTEI | ||
| 971 | |a .b25751840 |b 16-04-20 |c 13-09-16 | ||
| 999 | |c 154931 |d 154931 | ||